000 00501nam a2200181Ia 4500
008 240925s9999 xx 000 0 und d
020 _a131992759
082 _a808.0666 BOR
100 _aBorowick ,Jerome N
245 0 _aTechnical Communication and its Applications
250 _aNA
260 _aNew Jersey:
_bPrintice- Hall Int.
_c,1996.
300 _aviii,248p.
_bNA
_fOriginal
500 _aIncludes Index
600 _aEngineering Technology
650 _aLiterature & rhetoric
942 _cBK
999 _c5390
_d5390